World Ethics : (Record no. 1910)

MARC details
000 -LEADER
fixed length control field 00985cam a2200301 a 4500
001 - CONTROL NUMBER
control field 174904
003 - CONTROL NUMBER IDENTIFIER
control field OSt
005 - DATE AND TIME OF LATEST TRANSACTION
control field 20240111074850.0
008 - FIXED-LENGTH DATA ELEMENTS--GENERAL INFORMATION
fixed length control field 980908s1998 stk b 001 0 eng d
010 ## - LIBRARY OF CONGRESS CONTROL NUMBER
LC control number 98193059
020 ## - INTERNATIONAL STANDARD BOOK NUMBER
International Standard Book Number 0748608249
035 ## - SYSTEM CONTROL NUMBER
System control number (OCoLC)39533615
040 ## - CATALOGING SOURCE
Original cataloging agency UKM
Transcribing agency UKM
Modifying agency DLC
042 ## - AUTHENTICATION CODE
Authentication code lccopycat
050 00 - LIBRARY OF CONGRESS CALL NUMBER
Classification number BJ1012
Item number .D595 1998
082 00 - DEWEY DECIMAL CLASSIFICATION NUMBER
Classification number 170 DOW 1998
Edition number 21
100 1# - MAIN ENTRY--PERSONAL NAME
Personal name Dower, Nigel,
9 (RLIN) 5023
245 10 - TITLE STATEMENT
Title World Ethics :
Remainder of title the new agenda
260 ## - PUBLICATION, DISTRIBUTION, ETC. (IMPRINT)
Place of publication, distribution, etc. Edinburgh :
Name of publisher, distributor, etc. Edinburgh University Press,
Date of publication, distribution, etc. c1998.
300 ## - PHYSICAL DESCRIPTION
Extent ix, 214 p. ;
Dimensions 24 cm.
440 #0 - SERIES STATEMENT/ADDED ENTRY--TITLE
Title Edinburgh studies in world ethics
9 (RLIN) 5024
504 ## - BIBLIOGRAPHY, ETC. NOTE
Bibliography, etc Includes bibliographical references (p. 198-206) and index.
650 #0 - SUBJECT ADDED ENTRY--TOPICAL TERM
Topical term or geographic name as entry element Ethics.
9 (RLIN) 1778
650 #0 - SUBJECT ADDED ENTRY--TOPICAL TERM
Topical term or geographic name as entry element Morals
9 (RLIN) 16873
906 ## - LOCAL DATA ELEMENT F, LDF (RLIN)
a 7
b cbc
c copycat
d 2
e ncip
f 19
g y-gencatlg
942 ## - ADDED ENTRY ELEMENTS (KOHA)
Source of classification or shelving scheme Other/Generic Classification Scheme
Koha item type Short Loan
Holdings
Withdrawn status Lost status Source of classification or shelving scheme Damaged status Not for loan Home library Current library Date acquired Source of acquisition Inventory number Total Checkouts Full call number Barcode Date last seen Koha item type
    Dewey Decimal Classification     MUST Main Library MUST Main Library 27/05/2015 Purchase 04/21029   170 DOW 1998 2015-1645 27/05/2015 Short Loan
    Dewey Decimal Classification     MUST Main Library MUST Main Library 27/05/2015 Purchase 04/21028   170 DOW 1998 2015-1650 27/05/2015 Short Loan